000 00414nam a2200169 i 4500
001 2-00279192
003 PPAK
005 20180728113221.0
008 070423s my |||| ||||| | may d
040 _aPPAK
_beng
_cPPAK
_erda
245 0 0 _aMastika (Jan-Dis 1993)
264 1 _aKuala Lumpur:,
336 _2rdacontent
_atext
337 _2rdamedia
_aunmediated
338 _2rdacarrier
_avolume
942 _ddc
_cSR
999 _c168604
_d168604